Scottish property quarterly marketview (Record no. 84060)

MARC details
000 -LEADER
fixed length control field 01220cad a22002055a 4500
001 - CONTROL NUMBER
control field L156534
008 - FIXED-LENGTH DATA ELEMENTS--GENERAL INFORMATION
fixed length control field 120606s2012 xxk 000 0 eng d
035 ## - SYSTEM CONTROL NUMBER
System control number (Sirsi) u156534
041 0# - LANGUAGE CODE
Language code of text/sound track or separate title eng
110 2# - MAIN ENTRY--CORPORATE NAME
Corporate name or jurisdiction name as entry element CBRE
245 00 - TITLE STATEMENT
Title Scottish property quarterly marketview
Medium [electronic resource]
260 ## - PUBLICATION, DISTRIBUTION, ETC.
Place of publication, distribution, etc. Glasgow
Name of publisher, distributor, etc. CBRE
Date of publication, distribution, etc. 2012
490 #0 - SERIES STATEMENT
Series statement CBRE Scottish Property Quarterly Marketview
Volume/sequential designation Q1 2012
520 ## - SUMMARY, ETC.
Summary, etc. For the third consecutive quarter annual total returns for every sector in Scotland underperformed the UK as a whole with Scottish offices remaining the weakest sector relative to the UK on both an annual and quarterly basis. The continued strength of the Central London office market is the cause of the pronounced current disparity. The best performing sector relative to the UK in Q1 2012 was retail warehouses. All property quarterly total returns in Scotland fell in Q1 2012 to 0.1% from 0.5% in the previous quarter. Rental and capital values fell for a fourth consecutive quarter.
590 ## - LOCAL NOTE (RLIN)
Local note KA
651 #4 - SUBJECT ADDED ENTRY--GEOGRAPHIC NAME
Geographic name Scotland
Chronological subdivision 1999-
690 ## - LOCAL SUBJECT ADDED ENTRY--TOPICAL TERM (OCLC, RLIN)
Topical term or geographic name as entry element Commercial property
9 (RLIN) 6227
856 40 - ELECTRONIC LOCATION AND ACCESS
Uniform Resource Identifier <a href="https://www.cbre.eu/portal/pls/portal/res_rep.show_report?report_id=1837">https://www.cbre.eu/portal/pls/portal/res_rep.show_report?report_id=1837</a>
Public note View the report at www.cbre.eu
942 ## - ADDED ENTRY ELEMENTS (KOHA)
Suppress in OPAC 0
Holdings
Withdrawn status Lost status Source of classification or shelving scheme Damaged status Not for loan Home library Current library Shelving location Date acquired Total Checkouts Full call number Barcode Date last seen Copy number Price effective from Koha item type
    Dewey Decimal Classification     Virtual Virtual Online 03/06/2012   ONLINE PUBLICATION 156534-2001 06/08/2019 1 06/08/2019 Book